000 00354cam a22001097a 4500
008 180718b-- xxu||||| |||| 00| 0 eng d
082 _aW1009x54 In2c/E
245 _aIndian Railway establishment code
_cby Ministry of Railways
260 _aDelhi
_bManager of Publications
_c--
500 _aLibrary has 1951(v.1,2),1958
700 _aIndia. Ministry of Railways
999 _c396782
_d396782